LIBRARY & INFORMATION CENTRE, KCAET, TAVANUR

ONLINE PUBLIC ACCESS CATALOGUE (OPAC)

Thirteen Principal Upanishads: Translated from the Sanskrit / (Record no. 3175)

MARC details
000 -LEADER
fixed length control field 00338cam a2200121ua 4500
082 ## - DEWEY DECIMAL CLASSIFICATION NUMBER
Classification number 294.59218
Item number HUM/TH
100 ## - MAIN ENTRY--AUTHOR NAME
Personal name Hume, Robert Ernest .
245 ## - TITLE STATEMENT
Title Thirteen Principal Upanishads: Translated from the Sanskrit /
250 ## - EDITION STATEMENT
Edition statement 2 /
260 ## - PUBLICATION, DISTRIBUTION, ETC. (IMPRINT)
Place of publication Calcutta :
Name of publisher Oxford University Press ,
Year of publication 1921.
300 ## - PHYSICAL DESCRIPTION
Number of Pages 587 ; .
942 ## - ADDED ENTRY ELEMENTS (KOHA)
Koha item type Books
Holdings
Withdrawn status Lost status Damaged status Home library Current library Date acquired Cost, normal purchase price Full call number Accession Number Koha item type
Withdrawn     KAUAET KAUAET 07/04/2012 11.00 294.59218 2562 Books
free website counter